<?xml version="1.0" encoding="UTF-8"?>
<record
    xmlns:xsi="http://www.w3.org/2001/XMLSchema-instance"
    xsi:schemaLocation="http://www.loc.gov/MARC21/slim http://www.loc.gov/standards/marcxml/schema/MARC21slim.xsd"
    xmlns="http://www.loc.gov/MARC21/slim">

  <leader>01293cam a2200337 i 4500</leader>
  <datafield tag="999" ind1=" " ind2=" ">
    <subfield code="c">7124</subfield>
    <subfield code="d">7124</subfield>
  </datafield>
  <datafield tag="020" ind1=" " ind2=" ">
    <subfield code="a">9789869706407</subfield>
  </datafield>
  <datafield tag="100" ind1="1" ind2=" ">
    <subfield code="a">&#x6881;&#x5983;&#x5100;</subfield>
  </datafield>
  <datafield tag="245" ind1="1" ind2="0">
    <subfield code="a">&#x4E09;&#x5341;&#x800C;&#x7ACB;&#x5152;&#x7AE5;&#x71D9;&#x50B7;&#x7684;&#x9810;&#x9632;&#x3001;&#x6CBB;&#x7642;&#x8207;&#x91CD;&#x5EFA; :</subfield>
    <subfield code="b">&#x4E2D;&#x83EF;&#x6C11;&#x570B;&#x5152;&#x7AE5;&#x71D9;&#x50B7;&#x57FA;&#x91D1;&#x6703;&#x4E09;&#x5341;&#x9031;&#x5E74;&#x5C08;&#x520A; = 30 years of childhood burn foundation of the Republic of China /</subfield>
    <subfield code="c">&#x6881;&#x5983;&#x5100;, &#x8463;&#x5149;&#x7FA9;&#x4F5C;</subfield>
  </datafield>
  <datafield tag="250" ind1=" " ind2=" ">
    <subfield code="a">&#x521D;&#x7248;</subfield>
  </datafield>
  <datafield tag="260" ind1=" " ind2=" ">
    <subfield code="a">&#x81FA;&#x5317;&#x5E02; :</subfield>
    <subfield code="b">&#x8CA1;&#x5718;&#x6CD5;&#x4EBA;&#x4E2D;&#x83EF;&#x6C11;&#x570B;&#x5152;&#x7AE5;&#x71D9;&#x50B7;&#x57FA;&#x91D1;&#x6703;</subfield>
    <subfield code="c">2018.</subfield>
  </datafield>
  <datafield tag="300" ind1=" " ind2=" ">
    <subfield code="a">239&#x9762; :</subfield>
    <subfield code="b">&#x5F69;&#x5716;, &#x8868; ;</subfield>
    <subfield code="c">24&#x516C;&#x5206;</subfield>
  </datafield>
  <datafield tag="942" ind1=" " ind2=" ">
    <subfield code="2">ccl</subfield>
    <subfield code="c">BOOK</subfield>
  </datafield>
  <datafield tag="952" ind1=" " ind2=" ">
    <subfield code="0">0</subfield>
    <subfield code="1">0</subfield>
    <subfield code="2">ccl</subfield>
    <subfield code="4">0</subfield>
    <subfield code="7">0</subfield>
    <subfield code="a">yeezen</subfield>
    <subfield code="b">yeezen</subfield>
    <subfield code="d">2020-08-06</subfield>
    <subfield code="l">0</subfield>
    <subfield code="o">415.223</subfield>
    <subfield code="p">C02718</subfield>
    <subfield code="r">2020-08-06 00:00:00</subfield>
    <subfield code="w">2020-08-06</subfield>
    <subfield code="y">BOOK</subfield>
    <subfield code="z">&#x6D74;&#x706B;&#x7684;&#x5B69;&#x5B50;&#xFF0C;&#x751F;&#x7406;&#x53CA;&#x5FC3;&#x7406;&#x7684;&#x91CD;&#x5EFA;&#x904E;&#x7A0B;&#x5FC5;&#x5B9A;&#x662F;&#x75DB;&#x82E6;&#x7684;&#x3002;&#x57FA;&#x91D1;&#x6703;&#x6240;&#x80FD;&#x505A;&#x7684;&#xFF0C;&#x662F;&#x63D0;&#x4F9B;&#x5354;&#x52A9;&#x8207;&#x966A;&#x4F34;&#xFF0C;&#x8B93;&#x5B69;&#x5B50;&#x77E5;&#x9053;&#x8A31;&#x591A;&#x540C;&#x6A23;&#x8655;&#x5883;&#x7684;&#x50B7;&#x53CB;&#x4E5F;&#x4E0D;&#x65B7;&#x52AA;&#x529B;&#x8457;&#x5FA9;&#x539F;&#x3002;&#x800C;&#x81EA;&#x5DF1;&#xFF0C;&#x4E26;&#x4E0D;&#x5B64;&#x55AE;&#x2026;</subfield>
  </datafield>
</record>
